00776cam a2200241 a 4500001001200000003000200012005001700014008004100031010001300072015001200085020002600097035000900123040001900132245014800151260003200299300003400331440003500365504002500400650003100425650003400456650002300490700002100513ocm08553729020230123133226.0820607s1981 gw a b 000 0 eng  a81100572 aGFR81-A a3528035889 :cDM24.80 bH130 aDLCcNUSTdOCL00aDisplay generation and management systems (DGMS) for interactive business applications :bstudies and concepts /cEric D. Carlson ... [et al.]. aWiesbaden :bVieweg,c1981. aviii, 98 p. :bill. ;c23 cm. 0aProgramm Angewandte Informatik aBibliography: p. 98. 0aBusinessxData processing. 0aInteractive computer systems. 0aComputer graphics.1 aCarlson, Eric D.